000 00648nam a2200181Ia 4500
008 100920s9999 xx 000 0 und d
082 _b75020
_a891.463.1 0
100 _aजहागीरदार विजया.
245 _aनिवडुंगाचा मोहर.
260 _bनंदादीप बुक सर्व्हिसेस्र, सोलापूर.
_c0
300 _a128
_bसाधी
365 _b100
520 _aलघुकथा.
630 _aनिवडुंगाचा मोहर.
650 _aलघुकथा.
730 _aनिवडुंगाचा मोहर.
942 _cBOOK
999 _c716563
_d716560